000 00566nam a2200181 i 4500
001 49872
003 ES-MaACL
005 20230906162058.0
007 t|
008 030724s1953 sp ||||1| spa d
100 1 _aCramer, Harald.
_941435
245 1 0 _aMétodos matemáticos de estadística /
_cHarald Cramer ; traducción de Enrique Cansado.
260 _aMadrid :
_bAguilar,
_c[1953] (
_fBlass)
300 _aXXVI, 660 p. :
_bil. ;
_c22 cm.
700 1 _aCansado, Enrique.
_934612
852 _aES-MaACL
_jD-9122
_bR.34660
852 _aES-MaACL
_jC-5871
_bR.34915
999 _c49872
_d49872